000 00689nam a2200205 u 4500
005 20251023063922.0
008 100209s19962004 r 000 0 eng d
020 _a9501232514
035 _aUPN01000174539
049 _aCG
050 4 _aLB2898.21
_bO7.3
245 0 0 _aOrganizar y conducir la escuela :
_breflexiones de cinco directores y un asesor /
_cAldo Schlemenson ... [et al.].
260 _aBuenos Aires :
_bPaidos,
_c1996 (2004 impr.).
300 _a219 p.
440 0 _aGrupos e instituciones ;
_v51
650 4 _aESCUELAS -
_xDIRECCION Y ORGANIZACION -
_zARGENTINA
_96565
650 4 _aAdministración educativa
_9498
700 1 _aSchlemenson, Aldo,
_ecoaut.
905 _aLibro
999 _c146643
_d146643